[Event "8th ch-Euro"]
[Site "Dresden GER"]
[Date "2007.04.12"]
[Round "9"]
[White "Markus,Rob"]
[Black "Jakubowski,K"]
[Result "1-0"]
[WhiteElo "2567"]
[BlackElo "2471"]

1.d4 Nf6 2.c4 e6 3.Nf3 Bb4+ 4.Bd2 Qe7 5.g3 Bxd2+ 6.Qxd2 d6 7.Bg2 O-O 8.O-O e5
9.Nc3 Bg4 10.Ne1 exd4 11.Qxd4 c6 12.Nc2 Rd8 13.Rad1 Be6 14.Rd2 Ne8 15.Rfd1 Nd7
16.b3 Ndf6 17.Qf4 Bd7 18.Ne3 h6 19.h4 a6 20.g4 Nh7 21.Qg3 Be6 22.Ne4 d5 23.cxd5 cxd5
24.Nc3 d4 25.Ncd5 Qc5 26.Rxd4 Kh8 27.b4 Qa7 28.g5 Rd7 29.gxh6 Rad8 30.Qe5 Rd6
31.Nc4 f6 32.Qe3 Rc6 33.Nf4 Rxd4 34.Rxd4  1-0

[Event "Reykjavik International"]
[Site "Reykjavik ISL"]
[Date "2007.04.13"]
[Round "3"]
[White "Sriram,J"]
[Black "Bergsson,Sn"]
[Result "1-0"]
[WhiteElo "2425"]
[BlackElo "2296"]

1.d4 Nf6 2.c4 e6 3.Nf3 Bb4+ 4.Bd2 Qe7 5.g3 Nc6 6.Nc3 Bxc3 7.Bxc3 Ne4 8.Rc1 O-O
9.Bg2 d6 10.d5 Nd8 11.Bb4 a5 12.Ba3 e5 13.O-O b6 14.b3 f5 15.Bb2 Bd7 16.Qc2 Nb7
17.e3 Nbc5 18.a3 a4 19.b4 Nb3 20.Rcd1 Rac8 21.Nh4 c5 22.dxc6 Rxc6 23.Nxf5 Bxf5
24.Bxe4 Bxe4 25.Qxe4 Qc7 26.Qd5+ Kh8 27.f4 exf4 28.Rxf4  1-0

[Event "2nd Open"]
[Site "d'Angers FRA"]
[Date "2007.04.14"]
[Round "3"]
[White "Bonnard,Y"]
[Black "Delaitre,F"]
[Result "0-1"]
[WhiteElo "1710"]
[BlackElo "1899"]

1.d4 Nf6 2.c4 e6 3.Nf3 Bb4+ 4.Bd2 Qe7 5.a3 Bxd2+ 6.Nbxd2 d6 7.Qc2 e5 8.dxe5 dxe5
9.e3 O-O 10.h3 e4 11.Nd4 c5 12.Ne2 Bf5 13.Ng3 Bg6 14.Ne2 h6 15.Nf4 Bh7 16.Be2 Nc6
17.Qc3 Rad8 18.O-O-O g5 19.Nh5 Nxh5 20.Bxh5 Ne5 21.Kb1 a6 22.Be2 Nd3 23.Rhf1 b5
24.cxb5 axb5 25.Nb3 b4 26.axb4 cxb4 27.Qc6 Rd6 28.Qb5 Rfd8 29.Nd4 Qf6 30.Bxd3 exd3
31.Rd2 Rb6 32.Qc4 Ra8 33.Nb3 Rc6 34.Qd5 Rac8 35.Nd4 Rc5 36.Qb3 Qa6 37.f4 gxf4
38.Rxf4 Rc1+  0-1

[Event "8th ch-Euro"]
[Site "Dresden GER"]
[Date "2007.04.14"]
[Round "11"]
[White "Van Hoolandt,P"]
[Black "Donchenko,A"]
[Result "1/2-1/2"]
[WhiteElo "2205"]
[BlackElo "2374"]

1.d4 Nf6 2.c4 e6 3.Nf3 Bb4+ 4.Bd2 Qe7 5.g3 Bxd2+ 6.Qxd2 d6 7.Nc3 O-O 8.Bg2 Re8
9.O-O e5 10.e4 Bg4 11.d5 Bxf3  1/2-1/2

[Event "FSIMA April"]
[Site "Budapest HUN"]
[Date "2007.04.15"]
[Round "9"]
[White "Voiteanu,G"]
[Black "Khantuev,A"]
[Result "0-1"]
[WhiteElo "2251"]
[BlackElo "2333"]

1.d4 Nf6 2.c4 e6 3.Nf3 Bb4+ 4.Bd2 Qe7 5.g3 Nc6 6.Bg2 Bxd2+ 7.Nbxd2 d6 8.O-O O-O
9.e4 e5 10.d5 Nb8 11.Ne1 a5 12.Nd3 c6 13.Rc1 cxd5 14.cxd5 Bd7 15.Nc4 Ra6
16.Qd2 Bb5 17.Rfd1 Nbd7 18.Ne3 g6 19.Rc7 Rb8 20.Rdc1 Qd8 21.f4 Bxd3 22.Qxd3 exf4
23.gxf4 Nh5 24.Rxb7 Rb6 25.Rxb8 Rxb8 26.Rf1 Rxb2 27.Nc4 Rb4 28.e5 Qc7 29.e6 Ndf6
30.exf7+ Kxf7 31.Rc1 Qc5+ 32.Kf1 Nxf4 33.Qc2 Ng4 34.Qe4  0-1

[Event "FSGM April"]
[Site "Budapest HUN"]
[Date "2007.04.15"]
[Round "9"]
[White "Ilincic,Z"]
[Black "Fodor,T jr"]
[Result "1-0"]
[WhiteElo "2488"]
[BlackElo "2426"]

1.d4 Nf6 2.c4 e6 3.Nf3 Bb4+ 4.Bd2 Qe7 5.g3 Nc6 6.Bg2 Bxd2+ 7.Nbxd2 d6 8.O-O a5
9.e4 e5 10.d5 Nb8 11.Ne1 h5 12.Nef3 Nbd7 13.b3 Nc5 14.Qc2 h4 15.a3 hxg3 16.fxg3 O-O
17.b4 Na6 18.Qc3 Bd7 19.Rfc1 b6 20.Ne1 a4 21.Nef3 g6 22.Rc2 Kg7 23.Rf1 Rh8
24.Qd3 Rh5 25.Nb1 c6 26.dxc6 Bxc6 27.Nc3 Nc7 28.h3 Rah8 29.Rcf2 Bd7 30.Ne1 Nce8
31.g4 R5h7 32.Nc2 Kg8 33.Ne3 Nxg4 34.Nxg4 Bxg4 35.hxg4 Qh4 36.Rf3 Qxg4 37.Rg3 Qe6
38.Nd5 Rh4 39.Qe3 Ng7 40.Rf6 Qd7 41.Rfxg6  1-0

[Event "TCh-UKR"]
[Site "Alushta UKR"]
[Date "2007.04.27"]
[Round "8"]
[White "Rakhmangulov,A"]
[Black "Truskavetsky,A"]
[Result "1/2-1/2"]
[WhiteElo "2299"]
[BlackElo "2377"]

1.d4 Nf6 2.Nf3 e6 3.c4 Bb4+ 4.Bd2 Qe7 5.g3 O-O 6.Bg2 a5 7.O-O Bxd2 8.Qxd2 d6
9.Nc3 Nc6 10.e4 e5 11.d5 Nb4 12.a3 Na6 13.b4 Bg4 14.Rab1 axb4 15.axb4 c5
16.dxc6 bxc6 17.Ne1 Be6 18.Qe2 c5 19.Nc2 cxb4 20.Nxb4 Nxb4 21.Rxb4 d5 22.Rb5 dxc4
23.Rxe5 Qb4 24.Rc1 Ra3 25.Qd2 Rb3 26.h3 Qb8 27.Qd4 Rd8 28.Nd5 Bxd5 29.exd5 Rd3
30.Qf4 Nd7 31.Re4 Qxf4 32.Rxf4 Nb6 33.Rb1 Nxd5 34.Rxc4 g6 35.Bxd5  1/2-1/2

[Event "TCh-RUS HL"]
[Site "Sochi RUS"]
[Date "2007.05.05"]
[Round "3"]
[White "Shalimov,V UKR"]
[Black "Faizrakhmanov,G"]
[Result "1-0"]
[WhiteElo "2381"]
[BlackElo "2348"]

1.d4 Nf6 2.Nf3 e6 3.c4 Bb4+ 4.Bd2 c5 5.Bxb4 cxb4 6.a3 Na6 7.e3 O-O 8.Nbd2 d6
9.Be2 Re8 10.Qb3 bxa3 11.Rxa3 e5 12.O-O Qc7 13.Rfa1 Bg4 14.h3 Bh5 15.Bf1 h6
16.Qc3 Rac8 17.Ra5 Bxf3 18.Nxf3 e4 19.Nd2 Qb8 20.Qa3 Red8 21.Rf5 Qc7 22.Ra5 Re8
23.b4 Nb8 24.Rxa7 Nc6 25.Ra4 d5 26.b5 Ne7 27.c5 Nf5 28.Ra7 Qb8 29.Be2 h5
30.Qa5 Kh7 31.Qb6 Nxd4 32.exd4 e3 33.Bd3+ Kh6 34.fxe3 Rxe3 35.Qxb7 Rxd3 36.Qxb8 Rxb8
37.Nf3 Rxb5 38.Rxf7 Rc3 39.Rfa7 Rb2 40.R7a2 Rxa2 41.Rxa2 g5 42.Kf1 g4 43.hxg4 hxg4
44.Ne1 Kg5 45.Rc2 Re3 46.c6 Re8 47.Nd3 Ne4 48.c7 Rc8 49.Nb4 Ng3+ 50.Kf2 Nf5
51.Rc5 g3+ 52.Ke1 Nxd4 53.Nxd5 Ne6 54.Rc6 Nf4 55.Nxf4 Kxf4 56.Ke2 Ke4 57.Rc2 Kd5
58.Kd3  1-0

[Event "Grand Prix Open"]
[Site "Galatzi ROM"]
[Date "2007.05.09"]
[Round "2"]
[White "Manea,Al"]
[Black "Iordachescu,V"]
[Result "0-1"]
[WhiteElo "2400"]
[BlackElo "2587"]

1.d4 Nf6 2.c4 e6 3.Nf3 Bb4+ 4.Bd2 a5 5.g3 d5 6.Bg2 dxc4 7.Qc2 Nc6 8.Qxc4 Qd5
9.Qd3 O-O 10.O-O Rd8 11.Nc3 Qh5 12.Qc4 e5 13.dxe5 Ng4 14.h3 Ngxe5 15.Nxe5 Nxe5
16.Qf4 Bxh3 17.Bxh3 Qxh3 18.Qxe5 Rxd2 19.Qxc7 Re8 20.a3 Bxc3 21.bxc3 Rdxe2
22.Qxb7 h5 23.Rad1 h4 24.Qg2 Qc8 25.Rd3 Rc2 26.gxh4 Rxc3 27.Rfd1 Rxd3 28.Rxd3 Qc4
29.Rg3 Re1+ 30.Kh2 Qxh4+ 31.Qh3 Qxh3+ 32.Rxh3 Re4 33.Rb3 Ra4 34.Rb8+ Kh7
35.Rb3 g5 36.Kg3 Kg6 37.Rb6+ f6 38.Rb3 Rc4 39.Kg2 a4 40.Re3 f5 41.Re6+ Kh5
42.Re3 f4 43.Rh3+ Kg6 44.Rd3 g4 45.Rd5 Rc2 46.Rd4 Kg5 47.Kg1 Rc1+ 48.Kg2 Ra1
49.Rd5+ Kh4 50.Rd3 f3+ 51.Kh2 Ra2  0-1

[Event "TCh-RUS HL"]
[Site "Sochi RUS"]
[Date "2007.05.09"]
[Round "7"]
[White "Shkurikhin,I"]
[Black "Neverov,A"]
[Result "1/2-1/2"]
[WhiteElo "2353"]
[BlackElo "2389"]

1.d4 Nf6 2.c4 e6 3.Nf3 Bb4+ 4.Bd2 a5 5.g3 d6 6.Bxb4 axb4 7.Qb3 c5 8.Bg2 Nc6
9.dxc5 dxc5 10.Qe3 Qe7 11.Nbd2 Ra7 12.Nb3 b6 13.h3 Bb7 14.O-O O-O 15.Rfd1 Qc7
16.Nc1 e5 17.Rb1 Re8 18.Nh2 e4 19.Qf4 Qe7 20.Nf1 Nd4 21.g4 h5 22.b3 hxg4
23.hxg4 Bc8 24.Ne3 b5 25.Rb2 bxc4 26.bxc4 g6 27.Nb3 Rd7 28.Rbd2 Red8 29.Nxd4 Rxd4
30.Rxd4 Rxd4 31.g5 Rxd1+ 32.Nxd1 Nh7 33.Qxe4 Qxe4 34.Bxe4 Nxg5 35.Bd5 Nh3+
36.Kf1 Nf4 37.Be4 Ba6 38.Nb2 Kf8 39.e3 Ne6 40.Ke2 Ke7 41.f4 Ng7 42.Bd5 Ne8
43.Nd3 Nc7 44.Nxc5 Nxd5 45.Nxa6 Nc3+ 46.Kd2 Nxa2 47.Kc2 f6 48.Kb3 Nc1+ 49.Kc2 Na2
50.Kb3 Nc1+ 51.Kb2 Nd3+ 52.Kc2 Ne1+ 53.Kc1 Ng2 54.Kd2 b3 55.Nc7 Kd6 56.Nd5 Kc5
57.Kc3 b2 58.Kxb2 Kxc4 59.Nxf6 Nxe3 60.Nd7  1/2-1/2

[Event "TCh-RUS HL"]
[Site "Sochi RUS"]
[Date "2007.05.09"]
[Round "7"]
[White "Shalimov,V UKR"]
[Black "Turov,M"]
[Result "1/2-1/2"]
[WhiteElo "2381"]
[BlackElo "2553"]

1.d4 Nf6 2.Nf3 e6 3.c4 Bb4+ 4.Bd2 a5 5.g3 d6 6.Bg2 Nc6 7.O-O e5 8.Be3 exd4
9.Nxd4 Ne5 10.Qb3 Bc5 11.Nf3 Bxe3  1/2-1/2

[Event "FSIM May"]
[Site "Budapest HUN"]
[Date "2007.05.14"]
[Round "10"]
[White "Titz,Hei"]
[Black "Wilke,W"]
[Result "1/2-1/2"]
[WhiteElo "2240"]
[BlackElo "2253"]

1.d4 Nf6 2.c4 e6 3.Nf3 Bb4+ 4.Bd2 a5 5.Nc3 O-O 6.e3 b6 7.Be2 Bb7 8.O-O d6
9.Rc1 Nbd7 10.a3 Bxc3 11.Bxc3 Ne4  1/2-1/2

[Event "16th TCh-CRO"]
[Site "Sibenik CRO"]
[Date "2007.05.17"]
[Round "1"]
[White "Markus,Rob"]
[Black "Susak,Z"]
[Result "1-0"]
[WhiteElo "2567"]
[BlackElo "2241"]

1.d4 Nf6 2.c4 e6 3.Nf3 Bb4+ 4.Bd2 a5 5.g3 b6 6.Bg2 Bb7 7.O-O O-O 8.Bf4 Re8
9.c5 a4 10.a3 Ba5 11.Qxa4 Bd2 12.Qc2 Bxf4 13.gxf4 Be4 14.Qd2 Nd5 15.Nc3 Nxc3
16.Qxc3 Qf6 17.Qe3 Bd5 18.Qe5 Qd8 19.Qh5 f6 20.Rfe1 Be4 21.Nd2 Bxg2 22.Kxg2 Nc6
23.Nf3 Ne7 24.Kh1 Ng6 25.f5 exf5 26.Qxf5 Qe7 27.Rac1 b5 28.e4 Rf8 29.Re3 c6
30.b4 Ra7 31.Rcc3 Qf7 32.Qh5 Qa2 33.Ng1 Qxf2 34.Qe2 Qxe2 35.Nxe2 Re8 36.Ng3 Ne7
37.Kg2 g6 38.d5 Kf7 39.Red3 Rea8 40.Kf3 f5 41.d6 fxe4+ 42.Kxe4 Nd5 43.Rf3+ Kg7
44.Rcd3 Re8+ 45.Kd4 Raa8 46.Ne4 Rf8 47.Nd2 Rae8 48.Rxf8 Kxf8 49.Nf3 Nf4 50.Re3 Ne6+
51.Kc3 Nf4 52.Rxe8+ Kxe8 53.Ne5 g5 54.Kd4 Nd5 55.Ke4 Nc3+ 56.Kf5 Nb1 57.Kxg5 Nxa3
58.Kh6 Nc2 59.Nd3 Kf7 60.Kxh7 Kf6 61.h4 Ne3 62.Kg8 Ng4 63.Kf8 Ke6 64.Ke8 Nf6+
65.Kd8 Nh5 66.Ne1 Nf4 67.Nf3 Nd5 68.h5 Nxb4 69.h6 Kf6 70.Kxd7 Na6 71.Kxc6 b4
72.Nd4 Kg6 73.d7 Nb8+ 74.Kd6  1-0

[Event "42nd Capablanca Mem Abierto"]
[Site "Havana CUB"]
[Date "2007.05.21"]
[Round "4"]
[White "Gongora Reyes,M"]
[Black "Soto Paez,O"]
[Result "1-0"]
[WhiteElo "2422"]
[BlackElo "2350"]

1.d4 Nf6 2.c4 e6 3.Nf3 Bb4+ 4.Bd2 Qe7 5.Nc3 b6 6.g3 Ba6 7.b3 O-O 8.Bg2 c6
9.O-O d5 10.Ne5 Bb7 11.Nd3 Bd6 12.cxd5 cxd5 13.Nb5 Ba6 14.Nxd6 Bxd3 15.Nxf7 Qxf7
16.exd3 Nc6 17.Bc3 Ne8 18.Rc1 Nd6 19.Bb2 Rac8 20.f4 Nf5 21.Re1 Nfxd4 22.b4 Nf5
23.b5 Nce7 24.Rxc8 Rxc8 25.Qe2 h5 26.Bf3 g6 27.Qxe6 Qxe6 28.Rxe6 Rc2 29.Re2 Rxe2
30.Bxe2 Kf7 31.Kf2 Nc8 32.Be5 Ke6 33.h3 Nfd6 34.a4 Ne7 35.Bd1 Nef5 36.g4 hxg4
37.hxg4 Ne7 38.Ke3 Nb7 39.Bb8 Nc8 40.f5+ gxf5 41.Kf4 Nbd6 42.gxf5+ Kf6 43.d4 Nxf5
44.Be5+ Kg6 45.Bc2 Ne7 46.Bd3  1-0

[Event "National Masters"]
[Site "Lisbon POR"]
[Date "2007.05.22"]
[Round "2"]
[White "Santos,An"]
[Black "Galego,L"]
[Result "0-1"]
[WhiteElo "2265"]
[BlackElo "2521"]

1.d4 Nf6 2.c4 e6 3.Nf3 Bb4+ 4.Bd2 c5 5.Bxb4 cxb4 6.e3 O-O 7.Bd3 d6 8.O-O Qe7
9.e4 e5 10.h3 a5 11.Nbd2 Nc6 12.d5 Nb8 13.a3 Na6 14.Re1 Nd7 15.Bc2 Ndc5 16.Nb3 Qc7
17.Nxc5 Qxc5 18.Bd3 Bd7 19.Re3 a4 20.Qd2 bxa3 21.bxa3 Qc7 22.Nh4 Qd8 23.Nf5 Bxf5
24.exf5 Nc5 25.Bc2 Qf6 26.Rb1 Rfe8 27.Qc3 h6 28.Rb6 Qd8 29.Rb5 Qh4 30.g4 Qg5
31.Kg2 Qf4 32.Rb6 Ra6 33.Qb4 Rxb6 34.Qxb6 Qxc4 35.Qxd6 Qxc2 36.f6 Ne4  0-1

[Event "XXII Felix Cup"]
[Site "Felix Spa ROM"]
[Date "2007.05.28"]
[Round "6"]
[White "Olarasu,G"]
[Black "Berczes,C"]
[Result "1/2-1/2"]
[WhiteElo "2274"]
[BlackElo "2411"]

1.d4 Nf6 2.c4 e6 3.Nf3 Bb4+ 4.Bd2 Qe7 5.g3 Nc6 6.Bg2 Bxd2+ 7.Qxd2 Ne4 8.Qc2 Qb4+
9.Nc3 Nxc3 10.Qxc3 Qxc3+ 11.bxc3 d6 12.Nd2 Na5 13.e3 Rb8 14.Bf1 b6 15.Bd3 Ba6
16.Ke2 c5 17.Rab1 Ke7 18.f4 cxd4 19.cxd4 Rhc8 20.Rhc1 Rb7 21.Rc3 d5 22.c5 Bxd3+
23.Kxd3 bxc5 24.Rxc5 Rxc5 25.dxc5 Rxb1 26.Nxb1 Kd7 27.Nd2 f6 28.e4 Kc6 29.Kd4 dxe4
30.Nxe4 Kb5 31.Nd6+ Kb4 32.Ne8 Nc6+ 33.Kd3 Kxc5 34.Nxg7 Nb4+ 35.Kc3 Nxa2+
36.Kb2 Nb4 37.Nxe6+ Kd5 38.Nf8 h6 39.Kc3 Nc6 40.Nd7 Ke6 41.Nc5+ Kf5 42.h3 h5
43.Nd7 h4 44.gxh4 Ne7 45.h5 Nd5+ 46.Kc4 Nxf4 47.h6 Kg6  1/2-1/2

[Event "35th World Open"]
[Site "King of Prussia USA"]
[Date "2007.06.01"]
[Round "4"]
[White "Fedorowicz,J"]
[Black "Coleman,T"]
[Result "1/2-1/2"]
[WhiteElo "2457"]
[BlackElo "2266"]

1.d4 Nf6 2.c4 e6 3.Nf3 Bb4+ 4.Bd2 a5 5.g3 d5 6.Bg2 dxc4 7.O-O Bxd2 8.Qxd2 b5
9.Qg5 c6 10.Qxg7 Rg8 11.Qh6 Rg6 12.Qc1 Nbd7 13.Rd1 Qc7 14.a4 Nd5 15.e4 Nb4
16.Nc3 Ba6 17.d5 Nd3 18.Rxd3 cxd3 19.dxc6 Nc5 20.axb5 Nb3 21.Qd1 Nxa1 22.Qxa1 Bxb5
23.Nxb5 Qxc6 24.Nc3 Qc5 25.Na4 Qc7 26.b3 Rd8 27.Nd2 Qc2 28.Qc3 Qxc3 29.Nxc3 Rc8
30.Nc4 Rb8 31.Nxa5 Rg5 32.Nc4 Rxb3 33.Nd1 Rc5 34.Nce3 Rc2 35.Bf3 f6 36.Kg2 Ra3
37.g4 Ke7 38.e5 Rc1 39.exf6+ Kxf6 40.Be4 h6 41.h4 Ke5 42.Bf3 Kf4 43.Nb2 Rac3
44.Nbd1 Rb3 45.Ba8 Rb8 46.Bf3 Rbb1 47.g5 hxg5 48.h5 Rb5  1/2-1/2

[Event "35th World Open"]
[Site "King of Prussia USA"]
[Date "2007.06.02"]
[Round "5"]
[White "Martinez,Marce"]
[Black "Coleman,T"]
[Result "0-1"]
[WhiteElo "2386"]
[BlackElo "2266"]

1.d4 Nf6 2.c4 e6 3.Nf3 Bb4+ 4.Bd2 a5 5.g3 d5 6.Bg2 dxc4 7.Qc2 Bxd2+ 8.Qxd2 c6
9.a4 O-O 10.Na3 Na6 11.Nxc4 Nb4 12.O-O Qc7 13.Rfd1 Rd8 14.Qc3 b6 15.Qb3 Bb7
16.Nce5 c5 17.Ng5 Bxg2 18.Kxg2 cxd4 19.Ngxf7 Rd5 20.Rac1 Qb7 21.Qf3 Rf8 22.Rxd4 Rxf7
23.Nxf7 Kxf7 24.Rxd5 Nxd5 25.e4 Nb4 26.Rc4 Na6 27.Qf4 Nc5 28.f3 Kg8 29.Qd6 h6
30.b4 axb4 31.Rxb4 Nfd7 32.Qd1 Qa6 33.Rd4 Ne5 34.f4 Nc6 35.Rd6 Nb4 36.e5 Qa8+
37.Kh3 Nd5 38.f5 Ne4 39.Qe1 Ng5+ 40.Kg4 exf5+ 41.Kxf5 Qf8+ 42.Kg4 Qf3+ 43.Kh4 Ne3
44.Rd8+ Kh7 45.Qb1+ Nf5+  0-1

[Event "XV Lasker Mem Open A"]
[Site "Barlinek POL"]
[Date "2007.06.03"]
[Round "2"]
[White "Voloshin,L"]
[Black "Galazewski,T"]
[Result "1-0"]
[WhiteElo "2456"]
[BlackElo "2232"]

1.d4 Nf6 2.c4 e6 3.Nf3 Bb4+ 4.Bd2 c5 5.Bxb4 cxb4 6.Nbd2 O-O 7.e4 d6 8.g3 Re8
9.Bg2 e5 10.h3 exd4 11.Nxd4 d5 12.cxd5 Qxd5 13.Ne2 Qd3 14.O-O Nc6 15.Nf4 Qb5
16.Nd5 Nxd5 17.exd5 Ne5 18.Ne4 Qb6 19.Re1 Bd7 20.Ng5 Qg6 21.Ne6 Nc4 22.Qd4 Nb6
23.Nc5 Rac8 24.d6 Qf5 25.Nxb7 Rxe1+ 26.Rxe1 Rc4 27.Qe3 g6 28.b3 Rc3 29.Qd4 h5
30.h4 Qg4 31.Qxg4 hxg4 32.Re2 Rd3 33.Rc2 Kg7 34.Kf1 Rd4 35.Ke1 Rd3 36.Rc5 Bc8
37.Rc7 Bxb7 38.Rxb7 Rxd6 39.Rxa7 Nd7 40.Bf1 Ne5 41.Be2 Nf3+ 42.Bxf3 gxf3
43.Ra4 Re6+ 44.Kd2 Re4 45.Kd3 f5 46.Ra7+ Kh6 47.Rc7 Kh5 48.Rc4 Re2 49.Rxb4 Rxf2
50.a4 Rb2 51.Kc3 Re2 52.Rf4 Re3+ 53.Kb2 Re2+ 54.Ka3 f2 55.a5 Rd2 56.b4 Rd3+
57.Ka4 Rxg3 58.Rxf2 Kxh4 59.a6  1-0

[Event "35th World Open"]
[Site "King of Prussia USA"]
[Date "2007.06.03"]
[Round "6"]
[White "Fedorowicz,J"]
[Black "Harper,W"]
[Result "1-0"]
[WhiteElo "2457"]
[BlackElo "2195"]

1.d4 Nf6 2.c4 e6 3.Nf3 Bb4+ 4.Bd2 Qe7 5.g3 Nc6 6.Bg2 Bxd2+ 7.Nbxd2 a5 8.O-O d6
9.e4 e5 10.d5 Nb8 11.Ne1 O-O 12.Nd3 c6 13.b3 Na6 14.a3 cxd5 15.cxd5 Bd7 16.Nb2 Rfc8
17.Nbc4 Bb5 18.Nb6 Bxf1 19.Bxf1 Nc5 20.b4 Ncxe4 21.Nxe4 Nxe4 22.Nxc8 Qd8
23.Qc2 Nf6 24.Rc1 axb4 25.axb4 Nxd5 26.Qe4  1-0

[Event "35th World Open"]
[Site "King of Prussia USA"]
[Date "2007.06.03"]
[Round "7"]
[White "Hansen,Lars"]
[Black "Coleman,T"]
[Result "1/2-1/2"]
[WhiteElo "2251"]
[BlackElo "2266"]

1.d4 Nf6 2.Nf3 e6 3.c4 Bb4+ 4.Bd2 a5 5.g3 d5 6.Qc2 c5 7.cxd5 cxd4 8.Nxd4 O-O
9.Bg2 Qb6 10.Nf3 exd5 11.O-O Na6 12.Be3 Bc5 13.Bxc5 Nxc5 14.Nc3 Be6 15.Rad1 Rac8
16.Nd4 Nce4 17.e3 Rc4 18.Qb3 Rb4 19.Qa3 Rc8 20.Nxe4 dxe4 21.b3 Bg4 22.Rc1 Re8
23.Qb2 Qd6 24.Qc3 h5 25.Qc5 Qa6 26.h3 Be2 27.Nxe2 Qxe2 28.Qxa5 Rb5 29.Qa4 Ree5
30.Rc8+ Kh7 31.Qc4 Qxa2 32.Qxf7 Qxb3 33.Qc7 Qa3 34.Qb8 Re7 35.Rcc1 Rb2 36.Rb1 b5
37.Qc8 b4 38.Qf5+ Kg8 39.Ra1 Qc3 40.Ra8+ Kf7 41.Rd1 Qe5 42.Qc8 b3 43.Qc4+ Kg6
44.Ra6  1/2-1/2

[Event "ch-URU"]
[Site "Montevideo URU"]
[Date "2007.06.04"]
[Round "5"]
[White "Roselli Mailhe,B"]
[Black "Carvalho,Gu"]
[Result "1-0"]
[WhiteElo "2419"]
[BlackElo "2255"]

1.d4 Nf6 2.c4 e6 3.Nf3 Bb4+ 4.Bd2 c5 5.Bxb4 cxb4 6.g3 d6 7.Bg2 O-O 8.O-O Qc7
9.Qd3 e5 10.Nbd2 Nc6 11.e4 b6 12.Rac1 Bb7 13.d5 Ne7 14.Nh4 Rae8 15.a3 bxa3
16.b4 Nd7 17.Qxa3 a5 18.bxa5 bxa5 19.Nb3 a4 20.Qxa4 Ra8 21.Qb4 Ba6 22.Nf3 Rfb8
23.Qc3 Nc5 24.Nxc5 Qxc5 25.Nd2 g6 26.Ra1 Bc8 27.Nb3 Ra3 28.Rfb1 Qa7 29.Rxa3 Qxa3
30.Bf1 Bd7 31.c5 dxc5 32.Qxe5 Rxb3 33.Rxb3 Qxb3 34.Qxe7 Qa4 35.e5 c4 36.e6 fxe6
37.dxe6 Be8 38.Qc7 c3 39.Qxc3 Qe4 40.f3 Qb1 41.Qc4 Qb6+ 42.Kg2 Kg7 43.Qc3+ Kf8
44.Qf6+ Kg8 45.Bc4 h5 46.e7+  1-0

[Event "29th Mem Nezhmetdinov"]
[Site "Kazan RUS"]
[Date "2007.06.08"]
[Round "8"]
[White "Bashkirov,A"]
[Black "Gerasimov,I"]
[Result "0-1"]
[WhiteElo "2158"]
[BlackElo "2262"]

1.d4 Nf6 2.c4 e6 3.Nf3 Bb4+ 4.Bd2 c5 5.g3 O-O 6.Bg2 Nc6 7.Bxb4 cxb4 8.O-O d6
9.Nbd2 Re8 10.e3 e5 11.d5 Nb8 12.e4 Nbd7 13.Ne1 Nc5 14.Qc2 Bg4 15.f3 Bd7
16.Nd3 Nxd3 17.Qxd3 h5 18.Qe3 h4 19.Qg5 hxg3 20.hxg3 Qb6+ 21.Rf2 Qd4 22.Rb1 b5
23.Bf1 Rec8 24.b3 a5 25.g4 a4 26.Qh4 axb3 27.Nxb3 Qe3 28.Kh1 g5 29.Qh6 Nxg4
30.fxg4 Qxf2 31.Qxg5+ Kf8 32.c5 Rxa2  0-1

[Event "11th Master Open"]
[Site "Voronezh RUS"]
[Date "2007.06.13"]
[Round "2"]
[White "Burmakin,V"]
[Black "Anoshkin,A"]
[Result "1-0"]
[WhiteElo "2593"]
[BlackElo "2363"]

1.d4 Nf6 2.Nf3 e6 3.c4 Bb4+ 4.Bd2 Qe7 5.g3 Nc6 6.Bg2 Bxd2+ 7.Nbxd2 d6 8.O-O a5
9.Qc2 O-O 10.e4 e5 11.d5 Nb8 12.Ne1 Na6 13.Nd3 Nd7 14.a3 Ndc5 15.Nxc5 Nxc5
16.b4 Na6 17.Qc3 Bd7 18.Nb3 axb4 19.axb4 c5 20.bxc5 dxc5 21.f4 f6 22.fxe5 fxe5
23.Rxf8+ Rxf8 24.Nd2 Bg4 25.Nf1 g6 26.Ne3 Bd7 27.Rf1 Rxf1+ 28.Nxf1 Bg4 29.h3 Be2
30.Ne3 Nb4 31.Kf2 Bd3 32.Ng4 h5 33.Nxe5 Qf6+ 34.Kg1 Bc2 35.Qb2 Qg5 36.Kh2 Bd1
37.Nd7 h4 38.Qe5 Qxg3+ 39.Qxg3 hxg3+ 40.Kxg3  1-0

[Event "11th Master Open"]
[Site "Voronezh RUS"]
[Date "2007.06.18"]
[Round "6"]
[White "Rychagov,A"]
[Black "Kravtsiv,M"]
[Result "1-0"]
[WhiteElo "2571"]
[BlackElo "2448"]

1.d4 Nf6 2.c4 e6 3.Nf3 Bb4+ 4.Bd2 c5 5.d5 Bxd2+ 6.Qxd2 exd5 7.cxd5 d6 8.Qe3+ Kf8
9.Nc3 h6 10.h3 g6 11.g4 Kg7 12.Bg2 Re8 13.Qf4 b5 14.O-O b4 15.Nb5 Ne4 16.Nfd4 g5
17.Nf5+ Bxf5 18.Qxf5 Re5 19.Qxe5+ dxe5 20.Bxe4 Na6 21.a4 Qb6 22.Rfd1 Rd8
23.d6 Nb8 24.Nc7 Rxd6 25.Ne8+  1-0

[Event "III Perla Baltyku A"]
[Site "Mielno POL"]
[Date "2007.06.20"]
[Round "4"]
[White "Orzech,D"]
[Black "Sergeev,Vl"]
[Result "1/2-1/2"]
[WhiteElo "2335"]
[BlackElo "2449"]

1.d4 Nf6 2.Nf3 e6 3.c4 Bb4+ 4.Bd2 Qe7 5.g3 Nc6 6.Bg2 Bxd2+ 7.Nbxd2 d6 8.O-O O-O
9.e4 e5 10.d5 Nb8 11.Ne1 a5 12.Nd3 Na6 13.a3  1/2-1/2

[Event "III Perla Baltyku A"]
[Site "Mielno POL"]
[Date "2007.06.20"]
[Round "4"]
[White "Fistek,D"]
[Black "Zakoscielna,K"]
[Result "1-0"]
[WhiteElo "2164"]
[BlackElo "2094"]

1.d4 Nf6 2.c4 e6 3.Nf3 Bb4+ 4.Bd2 Bxd2+ 5.Qxd2 b6 6.Nc3 Bb7 7.Qc2 O-O 8.e4 d5
9.cxd5 exd5 10.e5 Re8 11.Bd3 Na6 12.a3 h6 13.O-O Nd7 14.Nb5 Nf8 15.Rac1 Ne6
16.Qd2 Nb8 17.Rfe1 a6 18.Nc3 c5 19.Bb1 Nd7 20.Rcd1 Nc7 21.Qd3 Nf8 22.Ne2 Nce6
23.Ng3 cxd4 24.Nxd4 Qg5 25.Ndf5 Bc6 26.Rc1 Nf4 27.Qf3 Rxe5 28.Rxe5 Nh3+ 29.gxh3 Qxc1+
30.Kg2 Ng6 31.Ne7+  1-0

[Event "11th Master Open"]
[Site "Voronezh RUS"]
[Date "2007.06.20"]
[Round "8"]
[White "Rychagov,A"]
[Black "Lutsko,I"]
[Result "1/2-1/2"]
[WhiteElo "2571"]
[BlackElo "2417"]

1.d4 Nf6 2.c4 e6 3.Nf3 Bb4+ 4.Bd2 c5 5.dxc5 Bxc5 6.Nc3 b6 7.Bf4 O-O 8.e3 Bb7
9.Be2 d5 10.O-O Nbd7 11.a3 a6 12.b4 Be7 13.Rc1 dxc4 14.Bxc4 b5 15.Bb3 Qb6
16.e4 Rad8 17.Qe2 Ba8 18.e5 Nh5 19.Be3 Qb8 20.Nd4 g6 21.f4 Ng7 22.Qf2 Kh8
23.Bd1 f6 24.Bb3 fxe5 25.Nxe6 Nxe6 26.Bxe6 exf4 27.Bxf4 Rxf4 28.Qxf4 Qb6+
29.Qf2 Qxe6 30.Rce1 Ne5 31.Qf4 Bd6 32.Qg5 Re8 33.Kh1 Kg7 34.Ne4 Be7 35.Qg3 Bxe4
36.Rxe4 Bf6 37.h3 h5 38.Rc1 Re7 39.Rc5 h4 40.Qe3 Qd6 41.Rd4 Nc4 42.Rxd6 Rxe3
43.Rc7+ Be7 44.Rxa6 Re1+ 45.Kh2 Kh6 46.Rcc6 Ne5 47.Rc8 Bg5 48.Rf8 Nd3 49.g4 Bf4+
50.Kg2 Bg3 51.Rff6 Nf4+ 52.Kf3 Kg5 53.Rfb6 Re5 54.Rc6 Kh6 55.Rab6 Nxh3 56.Rxg6+ Kh7
57.Rh6+ Kg7 58.Rbg6+ Kf7 59.Rf6+ Ke7 60.Rf5 Ng5+ 61.Kg2 Re2+  1/2-1/2

[Event "XXV Balaton Open A"]
[Site "Balatonlelle HUN"]
[Date "2007.06.21"]
[Round "6"]
[White "Czebe,A"]
[Black "Horvath,Ad1"]
[Result "1/2-1/2"]
[WhiteElo "2500"]
[BlackElo "2486"]

1.d4 Nf6 2.c4 e6 3.Nf3 Bb4+ 4.Bd2 Qe7 5.g3 Nc6 6.Nc3 O-O 7.Bg2 Na5 8.b3 b6
9.O-O Bb7 10.Qc2 Rfc8 11.Rfd1 c5 12.a3 Bxc3 13.Bxc3 Be4 14.Qb2 d5 15.cxd5 Nxd5
16.Rac1 Nxc3 17.Rxc3 Bd5 18.Qc2 Rd8 19.h4 h6 20.dxc5 bxc5 21.Rxc5 Be4 22.Rxd8+ Rxd8
23.Qc3 Nxb3 24.Rc7 Qd6 25.Rc8 Bxf3 26.Bxf3 Qd1+ 27.Kg2 Rxc8 28.Qxc8+ Kh7
29.Be4+ f5 30.Bc2 Qd5+ 31.f3 Qe5 32.Bd3 Nd4 33.Kf2 Qd6 34.Qc3 Qe5 35.Qd2 Kh8
36.Qc3 Kh7 37.Qc4 Qd6 38.Qb4 Qe5 39.Qc4 Qd6 40.Qb4 Qe5 41.f4 Qd5 42.Qc4 Qd6
43.e3 Nc6 44.g4 Ne7 45.a4 h5 46.gxf5 Nxf5 47.Ke2 Qb6 48.Bxf5+ exf5 49.Qf7 Qb2+
50.Kf3 Qb1 51.Qxh5+ Kg8 52.Qe8+ Kh7 53.Qh5+ Kg8 54.Kf2 Qc2+ 55.Kg3 Qb1 56.Qf3 a5
57.h5 Kh7 58.Kh4 Qg1 59.Qh3 Kh6 60.Qxf5 Qf2+  1/2-1/2

[Event "King's Tournament"]
[Site "Bazna ROM"]
[Date "2007.06.22"]
[Round "7"]
[White "Mecking,H"]
[Black "Suba,M"]
[Result "1-0"]
[WhiteElo "2565"]
[BlackElo "2537"]

1.d4 Nf6 2.c4 e6 3.Nf3 Bb4+ 4.Bd2 a5 5.Qc2 d6 6.Nc3 b6 7.e4 Bb7 8.Bd3 Nbd7
9.a3 Bxc3 10.Bxc3 Ra7 11.O-O Qa8 12.Nd2 c5 13.d5 e5 14.g3 a4 15.f4 Ng4 16.Rae1 f6
17.Nb1 Nh6 18.Bd2 O-O 19.Nc3 Ra6 20.Qd1 Bc8 21.f5 Nb8 22.Bxh6 gxh6 23.Nb5 Ra5
24.Qg4+ Kh8 25.Qh4 Kg7 26.Nc7 Qa7 27.Ne6+ Bxe6 28.fxe6 Qe7 29.Rf5 Na6 30.Ref1 Nc7
31.Be2 Ra7 32.Bh5 Nxe6 33.dxe6 Qxe6 34.Be2 Raf7 35.Rh5  1-0

[Event "White Nights"]
[Site "St Petersburg RUS"]
[Date "2007.06.26"]
[Round "2"]
[White "Zhukov,Dm"]
[Black "Zacurdajev,M"]
[Result "0-1"]
[WhiteElo "2176"]
[BlackElo "2384"]

1.d4 e6 2.c4 Nf6 3.Nf3 Bb4+ 4.Bd2 Qe7 5.g3 O-O 6.Bg2 Bxd2+ 7.Qxd2 d6 8.Nc3 e5
9.O-O Re8 10.Rad1 h6 11.dxe5 dxe5 12.Nd5 Nxd5 13.Qxd5 Nc6 14.Qd2 Qc5 15.Qc3 Be6
16.b3 Rad8 17.Qe3 Qa5 18.Rd2 Rxd2 19.Qxd2 Qa3 20.Qc3 f6 21.e3 Rd8 22.Nd2 Qb4
23.Ne4 b6 24.Qc2 Ne7 25.Rd1 Rxd1+ 26.Qxd1 f5 27.Qd2 a5 28.Qxb4 axb4 29.Nd2 Kf7
30.Kf1 e4 31.f3 exf3 32.Nxf3 Kf6 33.Nd4 c5 34.Nc2 Nc8 35.a3 Bxc4+ 36.Ke1 Bxb3
37.Na1 Ba4 38.axb4 cxb4 39.Kd2 Nd6 40.Kd3 Ke5 41.Bf3 Bb5+ 42.Kc2 Nc4 43.Bb7 Nxe3+
44.Kb3 Nf1 45.Kxb4 Bd3  0-1

[Event "Narciso Yepes Mem"]
[Site "Lorca ESP"]
[Date "2007.06.28"]
[Round "8"]
[White "Timoshenko,G"]
[Black "Baklan,V"]
[Result "1/2-1/2"]
[WhiteElo "2566"]
[BlackElo "2618"]

1.d4 Nf6 2.c4 e6 3.Nf3 Bb4+ 4.Bd2 a5 5.g3 d5 6.Bg2 dxc4 7.Na3 Nc6 8.Bxb4 axb4
9.Nxc4 O-O 10.O-O Qe7 11.Qc2 Rd8 12.Rfd1 Bd7 13.a4 bxa3 14.bxa3 Be8 15.e3 Na5
16.Nce5 Rac8 17.Qb2 c5  1/2-1/2